1695 1860 1781 1436 1936 1799 1329 1864 1735 1074 1500 1233 1826 1506 1084 1315 1157 1763 1707 1924 1457 1802 1464 1069 1382 1297 1439 1324 1618 1572 1081 1482 1061 1177 1444 1410 1823 1687 1877 1485 1901 1141 1312 1604 1295 1632 1061 1615 1359 1891 1893 1704 1512 1001 1147 1648 1267 1387 1254 1509 1166 1925 1254 1350 1333 1416 1541 1942 1510 1442 1429 1705 1879 1276 1082 1682 1926 1477 1146 1793 1067 1706 1329 1662 1589 1497 1193 1715 1293 1205 1776 1625 1494 1881 1929 1120 1883 1604 1472 BCNSPRNW ULIB Ver.6.0+V

เปลี่ยนเป็นภาษาไทย

Change to English
 แสดงรายละเอียดบรรณานุกรม
  กลับหน้าหลัก

Brief Record : Get Marc (ISO 2709) : E-mail record : QR code < ปิดหน้าต่าง
LEADER : 00000nam 2200000uu 4500
001    13399114542
003     ULIB
008    120412s2553||||th 000 0 tha d
020    ^a9786167081649
090    ^aนว.^bพ733บ 2553
100 0  ^aพิริสา
245 00 ^aบำเรอรักบำบัดแค้น/^cพิริสา
250    ^aพิมพ์ครั้งที่ 1
260    ^aกรุงเทพฯ :^bSmart book,^c2553
300    ^a256 หน้า
945    ^p200^l0^i17061
995    ^aกัณชพร
999    ^aใช้งานได้ทุกระบบ
รายการนี้ยังไม่มีแท็ก
คุณยังไม่ได้ล็อกอิน คุณสามารถมีกิจกรรมร่วมกับเว็บไซต์ได้ แต่ต้องล็อกอินก่อน ::
  ล็อกอิน

รายการสื่อสารสนเทศ

ลำดับที่ ประเภท เลขเรียก/บาร์โค้ด สถานที่ สถานะ
1. นวนิยาย
นวนิยาย
นว. พ733บ 2553  
  Barcode: 17061
ห้องสมุดวิทยาเขตสวรรค์ประชารักษ์
►นวนิยาย
บนชั้น
  ขอยืม

BibComment


ยังไม่เคยถูกคอมเมนท์

คอมเมนท์ทรัพยากรรายการนี้
  คอมเมนท์: บำเรอรักบำบัดแค้..


 Copyright 2026. Bcnsprnw @Library